| 000 | 00432nam a2200193Ia 4500 | ||
|---|---|---|---|
| 008 | 210210b1940 xxu||||| |||| 00| 0 eng d | ||
| 041 | _aeng | ||
| 082 | _a882/34 | ||
| 100 | _aKAMALABAI (Vi Udyavar) | ||
| 245 | _aKAlidAsa: his life and works | ||
| 260 |
_aKarkala _b- _c1940 |
||
| 650 | _aworks | ||
| 650 | _alife | ||
| 650 | _aKAlidAsa: | ||
| 650 | _ahis | ||
| 650 | _aand | ||
| 690 | _aSanskrit Prose | ||
| 906 | _a024299 | ||
| 999 |
_c149776 _d149776 |
||